000 00725nam a2200229Ia 4500
001 13242
003 GE_BSU
008 181216s||||||||xx |||||||||||||| ||und||
040 _cGE_BSU
080 _a631
100 _aПанфилов,В.Н. Иванов,И.И. Соколов,А.В.
245 _aАнализ сельскохозяйственных растении
245 _cРед.Н.И.Иванов
260 _aМосква
260 _bСельхозгиз
260 _c1941
300 _a276стр.илл.20см.
300 _cБиблиогр.с.251-253
300 _eПриложение с.254-275
653 _aАнализ сельскохозяйственных растении
942 _cBK
999 _c46406
_d46406